대한민국의 공항 - Statistics

General Stats
  • This quiz has been taken 22 times
  • The average score is 10 of 15
Answer Stats
공항 기타 % Correct
인천
100%
김포
95%
제주
95%
김해
95%
대구
95%
광주
85%
무안 운항 중단
80%
청주
75%
양양
70%
울산
50%
여수
50%
사천
45%
포항경주
40%
원주
35%
군산
25%
No matching quizzes found
Score Distribution
Percent of People with Each Score
Percentile by Number Answered
Your Score History
You have not taken this quiz